01467nam a2200289 a 4500001001000000003000900010005001700019007000300036008004100039040002500080082001600105111016100121245013500282260006200417300002000479490003000499500001700529500007100546590002700617910001400644942001300658952012800671952012800799952011400927952011901041999001701160000015839DO-SdBNP20221003114421.0ta100219s1956 xxu 001 0 spa d aDO-SdBNPbspacBNPHU axxxxbC748e2 aConferencia Especializada Interamericana sobre preservación de los recursos naturalesn(15 -28, marzod1956 :cSanto Domingo, Dominica República)93565010aConferencia especializada Interamericana sobre preservación de los recursos naturales :bplataforma submarina y aguas del mar. / aWashington, Estados Unidos :bUnión Panamericanac1956. a40 p. ;c27 cm.1 aConferencias y Organismos aActa final.  aDivisión de conferencias y organismos. Departamento Jurídico.  aInventariado, 2022/ YL aYLockward 2ddccLF2 001054708DSaGRbGRcCTd2010-02-19iLF1l0oxxxx C748ep15839-30r2020-06-25te.3w2020-06-25yLFDSZPréstamo en sala 001054708DSaGRbGRcCTd2010-02-19iLF1l0oxxxx C748ep15839-40r2020-06-25te.4w2020-06-25yLFDSZPréstamo en sala 00102ddc51708DS-FRVaBNPHUbBNPHUcCTd2010-02-19iLF1oxxxx C748ep15839-10r2020-06-25w2020-06-25yLF2 0010718PDaPDbPDcCTd2010-02-19iLF1l0oxxxx C748ep15839-20r2020-06-25te.2w2020-06-25yLFPDZNo se presta c15383d15383